Les 10 supermarchés aux plus gros chiffres d'affaires ! - Statistiques

Statistiques générales
  • Ce quiz a été pris 608 fois
  • Le résultat moyen est 5 sur 10
Statistiques - réponses
Chiffre d'affaire Nom de l'enseigne % Correct
47 800 M Leclerc
87%
14 157 M Auchan
80%
14 510 M Lidl
77%
32 500 M Intermarché
74%
4 910 M Aldi
60%
19 363 M Super U
60%
15 555 M Carrefour Market
35%
5 106 M Monoprix
31%
20 826 M Carrefour Hyper
5%
7 220 M Carrefour Proxi
1%
Aucun quiz correspondant
Distribution des résultats
% des personnes avec chaque résultat
Percentile par nombre de réponses
Votre historique - résultats
Vous n’avez pas pris ce quiz